Network Cabling Handbook /
Obra de referencia sobre cableado para sistemas de comunicación de datos o de voz. En la primera parte de libro se describen los sistemas de cableado para redes, así como los diferentes tipos de cables de comunicación y de componentes, los estándares de la comunicación por cable y los fundamentos de...
Uloženo v:
| Hlavní autor: | |
|---|---|
| Médium: | Kniha |
| Jazyk: | angličtina |
| Vydáno: |
Berkeley, EUA :
McGraw-Hill,
2002, c2002
|
| Témata: | |
| Tagy: |
Žádné tagy, Buďte první, kdo vytvoří štítek k tomuto záznamu!
|
MARC
| LEADER | 00000nam^a2200000^a^4500 | ||
|---|---|---|---|
| 001 | 000153069 | ||
| 005 | 20250521000000.0 | ||
| 009 | 20260310100305.709 | ||
| 020 | |a 0-07-213233-7 | ||
| 037 | |a Acervo ITESO - Biblioteca | ||
| 041 | |a ING | ||
| 082 | |a 621. 3981 |b CLA | ||
| 100 | |a Clark, Chris |e (autor) | ||
| 245 | 1 | 0 | |a Network Cabling Handbook / |c C. Clark. |
| 264 | 4 | |a Berkeley, EUA : |b McGraw-Hill, |c 2002, c2002 | |
| 300 | |a XXIX, 769 p. | ||
| 336 | |a texto |b txt |2 rdacontenido | ||
| 337 | |a sin mediación |b n |2 rdamedio | ||
| 338 | |a volumen |b nc |2 rdasoporte | ||
| 520 | |a Obra de referencia sobre cableado para sistemas de comunicación de datos o de voz. En la primera parte de libro se describen los sistemas de cableado para redes, así como los diferentes tipos de cables de comunicación y de componentes, los estándares de la comunicación por cable y los fundamentos de la transmisión; en la segunda parte, se especifican las formas de instalar, jalar, asegurar, terminar y probar los cables de comunicación, tanto de cobre como de fibra óptica. | ||
| 521 | |a 2016 BO Licenciatura en Ingeniería en Redes y Telecomunicaciones Acreditación | ||
| 649 | |a XX | ||
| 650 | |a Fibra Optica | ||
| 650 | |a Cables Eléctricos | ||
| 650 | |a Cableado Estructurado | ||
| 650 | |a Líneas Eléctricas | ||
| 650 | |a Redes Eléctricas | ||
| 650 | |a Redes de Computadoras | ||
| 650 | |a Redes de Comunicación | ||
| 650 | |a Señales y Transmisión de Señales | ||
| 650 | |a Comunicación en Red | ||
| 650 | |a Telecomunicaciones | ||
| 650 | |a Sistemas Computacionales | ||
| 650 | |a Sistemas de Telecomunicación | ||
| 650 | |a Ingeniería Computacional | ||
| 650 | |a Ingeniería Electrónica | ||
| 910 | |a Fondo General | ||
| 920 | |a Impresos - Libros | ||
| 930 | |a Colección General | ||
| 905 | |a 101 | ||
| 901 | |a 0500081670 |b IT1 |c ACC |u 20250521 | ||
| 901 | |a 0500100396 |b IT1 |c ACC |u 20250521 | ||
| 902 | |a https://opac.biblio.iteso.mx/vufind/Record/000153069 | ||